00395nam a2200097Ia 45000010005000000080041000050820017000461000082000632450104001452600048002493799241024s9999 xx 000 0 und d aRD/070/R427r aRepública Dominicana. Ministerio de Educación. Radio Educativa Dominicana 0aReunión evaluar la remodelación del edifico que aloja radio y televisión educativa dominicana bSanto Domingo, República Dominicanac2014